Co to za ptak? #4 - Statystyki

Ogólne statystyki
  • Ten quiz został rozwiązany 36 razy
  • Średni wynik to 9 z 24
Statystyki odpowiedzi
Obrazkowy Hint Odpowiedź % Poprawnych
x zwyczajny Kopciuszek
75%
x zwyczajny Ostrygojad
75%
Uhla
75%
x falisty Astryld
50%
x czerwonobrzuchy Dzięciur
50%
x czerwonosterny Faeton
50%
x cejloński Gębal
50%
x pospolity Jarząbek
50%
x zwyczajny Osetnik
50%
x aksamitna Pokrzewka
50%
x indyjska Wężówka
50%
x obrożny Arasari
25%
x białopierśny Bagiewnik
25%
x czarny Fibik
25%
x jasnogłowa Karakara
25%
Brodziec x Kwokacz
25%
x granatowa Lasówka
25%
x pokrzywnica Płochacz
25%
x wąsaty Sownik
25%
x zwyczajny Świstun
25%
x pręgowana Chronka
0%
x żałobna Kruczyna
0%
x białobrewa Spizela
0%
x górska Świstunka
0%
Nie znaleziono quizów pasujących do podanych kryteriów
Rozkład punktacji
Procent ludzi z każdym wynikiem
Percentyl według liczby udzielonych odpowiedzi
Twoja historia wyników
Nie rozwiązałeś tego quizu